Starts with the Same Two Letters - Statistics

General Stats
  • This quiz has been taken 80 times
  • The average score is 8 of 23
Answer Stats
Clue Answer % Correct
____, meeny, miny, moe Eeny
88%
Ant-eating African mammal Aardvark
70%
Willy Wonka's imported helpers Oompa Loopmas
68%
Gloomy Winnie-the-Pooh stuffed donkey Eeyore
64%
Creepy Eerie
55%
Andean hoofed mammal Llama
55%
Freshwater variety called unagi Eel
52%
Type of tea from China Oolong
47%
Exclamation of fright Eek
45%
To leak out in a slow, viscous fashion Ooze
45%
Shot Alexander Hamilton in a duel Aaron Burr
37%
2000 Britney Spears song Oops! I Did it Again
37%
The Last Airbender Aang
29%
Singer/actress who died in a plane crash Aaliyah
27%
Estonian for Estonia Eesti
21%
2nd largest city in Denmark Aarhus
19%
Westernmost city in Germany; spa town Aachen
18%
Telecommunications company with no monthly fees Ooma
7%
Clay animation film studio Aardman
5%
Hypothesized sphere of ice one light-year from the sun Oort Cloud
4%
Species of hyena Aardwolf
3%
World's second highest volcano, Argentina and Chile Llullaillaco
1%
One variant of David Chang's Momofuku restaurants Ssäm Bar
0%
No matching quizzes found
Score Distribution
Percent of People with Each Score
Percentile by Number Answered
Your Score History
You have not taken this quiz